000 00501nam a22001817a 4500
003 BD-DhUL
005 20180906100611.0
008 180906s1988 ua ||||| |||| 00| 0 ara d
040 _aBD-DhUL
_cBD-DhUL
082 _a892.72
_bMAK
100 1 _aمحفوظ، نجیب
245 1 _aکفاح طیبۃ /
_cنجیب محفوظ
260 _aمصر :
_bمکتبۃ مصر،
_c۱۹۸۸۔
300 _aص۔ ۲۶۰ ؛
_c۲۰ سم۔
365 _aBDT
_b375.00
650 4 _aArabic drama
942 _2ddc
_cBK
999 _c243299
_d243299